000 00340 a2200109 4500
001 ART_17475
005 20260410161923.0
008 260409a
245 1 0 _aThe cartelization of world commodity markets
100 1 _aPindyck, Robert S.
773 0 _tThe American Economic Review
_g- Vol. 69, NÂș 2 (mayo 1979)
_wREV16190
999 _c27879
_d27879